000 00551nam a22001697a 4500
005 20231113143236.0
008 231113b |||||||| |||| 00| 0 eng d
020 _a0869849980
041 _aEnglish
082 _a345.3 CLA
100 _aClaassen, NJB and Verschoor, T
_lEnglish
245 _aMedical Negligence in South Africa /
_cNJB Claasen and T Verschoor
260 _aPretoria :
_bDigma Publications (Pty) Ltd,
_c1992
300 _bx, 158 pages ;
_c25,5 cm.
650 _aLegal practice
_bLaw
942 _cBK
_6ALISON_BN_VRIES
999 _c585
_d585